Evropští regulátoři následují technologickou realitu
Nie je tajomstvom, že český finančný trh je do značnej miery ovplyvnený európskou reguláciou, a práve preto bude rok 2026 zásadný z pohľadu aktivít kľúčových európskych orgánov dohľadu - EBA (Európsky orgán pre bankovníctvo), ESMA (Európsky orgán pre cenné papiere a trhy) a EIOPA (Európsky orgán pre...
Gespeichert in:
| 1. Verfasser: | |
|---|---|
| Format: | Buchkapitel |
| Sprache: | Tschechisch |
| Schlagworte: | |
| Tags: |
Keine Tags, Fügen Sie das erste Tag hinzu!
|
MARC
| LEADER | 00000naa a2200000 4500 | ||
|---|---|---|---|
| 001 | 0315133 | ||
| 005 | 20260225091736.4 | ||
| 041 | 0 | |a cze | |
| 044 | |a CZ | ||
| 245 | 1 | 0 | |a Evropští regulátoři následují technologickou realitu |c Martina Sobková |
| 520 | |a Nie je tajomstvom, že český finančný trh je do značnej miery ovplyvnený európskou reguláciou, a práve preto bude rok 2026 zásadný z pohľadu aktivít kľúčových európskych orgánov dohľadu - EBA (Európsky orgán pre bankovníctvo), ESMA (Európsky orgán pre cenné papiere a trhy) a EIOPA (Európsky orgán pre poisťovníctvo a zamestnanecké penzijné poistenie). Tieto inštitúcie stanovili ambiciózne pracovné programy, ktoré budú formovať bankové, kapitálové i poisťovacie trhy v celej EÚ a ovplyvnia aj české finančné subjekty. Aké sú ich priority? | ||
| 610 | 2 | 0 | |a trh finančný |
| 610 | 2 | 0 | |a banky |
| 610 | 2 | 0 | |a dohľad bankový |
| 610 | 2 | 0 | |a dohľad nad finančným trhom |
| 610 | 2 | 0 | |a regulácia |
| 100 | 1 | |a Sobková, Martina | |